<?xml version="1.0" encoding="UTF-8"?>
<marc:record xmlns:marc="http://www.loc.gov/MARC21/slim">
   <marc:leader>00000nam a2200000 a 4500</marc:leader>
   <marc:datafield ind1="1" ind2=" " tag="100">
      <marc:subfield code="a">Brandis, Katja</marc:subfield>
      <marc:subfield code="4">aut</marc:subfield>
      <marc:subfield code="e">Verfasser/-in</marc:subfield>
   </marc:datafield>
   <marc:datafield ind1=" " ind2=" " tag="653">
      <marc:subfield code="a">Umweltschutz</marc:subfield>
   </marc:datafield>
   <marc:datafield ind1="0" ind2="0" tag="245">
      <marc:subfield code="a">Die Jaguargöttin</marc:subfield>
   </marc:datafield>
   <marc:datafield ind1=" " ind2="1" tag="264">
      <marc:subfield code="b">Arena</marc:subfield>
      <marc:subfield code="c">2024</marc:subfield>
   </marc:datafield>
   <marc:datafield ind1="1" ind2=" " tag="520">
      <marc:subfield code="a">Im Dschungelkönigreich Elámon werden Gestaltwandler wie Gottheiten verehrt. Eine von ihnen ist die junge Jaguarwandlerin Kitana, die mit ihrer Familie ein sorgloses Leben im Tempel führt. Bis zu dem Tag, als eine Intrige des Ersten Priesters Kitanas heile Welt zerstört und sie zwingt, im undurchdringlichen Urwald nach Hilfe zu suchen.
Immer mehr in die Enge getrieben sucht Kitana Hilfe bei einem Clan von Panther-Wandlern, der zurückgezogen im Dschungel lebt und sowohl den Jaguaren als auch den Menschen misstrauisch gegenübersteht. Als sie den wilden, unberechenbaren Pantherjungen Ecco trifft, ändert sich alles für sie …</marc:subfield>
   </marc:datafield>
   <marc:datafield ind1=" " ind2=" " tag="020">
      <marc:subfield code="a">9783401512815</marc:subfield>
      <marc:subfield code="9">9783401512815</marc:subfield>
   </marc:datafield>
</marc:record>
